Životné cesty slovenských a španielskych vysokoškolákov − porovnanie

Výsledky výskumu zameraného na preferované životné cesty slovenských a španielskych vysokoškolákov z pohľadu priania, reality, priaznivého dojmu, výchovy a odmietania.

Uložené v:
Podrobná bibliografia
Hlavný autor: Chmelárová, Zuzana, 1967-
Médium: Kapitola
Jazyk:Slovak
Predmet:
Tagy: Pridať tag
Žiadne tagy, Buďte prvý, kto otaguje tento záznam!

MARC

LEADER 00000naa$a2200000$$$4500
001 0243886
005 20240619085946.1
041 0 |a slo 
044 |a SK 
245 1 0 |a Životné cesty slovenských a španielskych vysokoškolákov − porovnanie  |c Zuzana Chmelárová 
520 |a Výsledky výskumu zameraného na preferované životné cesty slovenských a španielskych vysokoškolákov z pohľadu priania, reality, priaznivého dojmu, výchovy a odmietania. 
610 2 0 |a študenti 
610 2 0 |a študenti zahraniční 
610 2 0 |a Slovensko 
610 2 0 |a Španielsko 
610 2 0 |a filozofia 
610 2 0 |a psychológia humanistická 
610 2 0 |a morálka 
100 1 |a Chmelárová, Zuzana, 1967-